Central Library and Information Centre
Sibsagar Girls' College, Sivasagar : Assam

ADHUNIK BHARATIYA SAHITYA (Record no. 10577)

MARC details
000 -LEADER
fixed length control field 00447cam a2200181ua 4500
008 - FIXED-LENGTH DATA ELEMENTS--GENERAL INFORMATION
fixed length control field 161129n2006 II |||gr||||Z||||||asm
040 ## - CATALOGING SOURCE
Original cataloging agency MAIN
041 ## - LANGUAGE CODE
-- English
082 ## - DEWEY DECIMAL CLASSIFICATION NUMBER
Classification number 891.451 BHA
100 ## - MAIN ENTRY--PERSONAL NAME
Personal name BHARALI, SAILEN.
245 ## - TITLE STATEMENT
Title ADHUNIK BHARATIYA SAHITYA
260 ## - PUBLICATION, DISTRIBUTION, ETC.
Place of publication, distribution, etc. GUWAHATI
Name of publisher, distributor, etc. CHANDRA PRAKASH
Date of publication, distribution, etc. 2006
300 ## - PHYSICAL DESCRIPTION
Extent 126.:
Dimensions 20CM.
700 ## - ADDED ENTRY--PERSONAL NAME
Personal name BHARALI, SAILEN.,
Relator term AUTHOR.
942 ## - ADDED ENTRY ELEMENTS (KOHA)
Koha item type Books
653 ## - INDEX TERM--UNCONTROLLED
Uncontrolled term ASSAMESE LITERATURE
Holdings
Withdrawn status Lost status Damaged status Not for loan Collection code Home library Current library Shelving location Date acquired Total Checkouts Full call number Barcode Date last seen Date last checked out Copy number Price effective from Koha item type Public note Total Renewals
        TBASM Central Library and Information Centre Sibsagar Girls College Central Library and Information Centre Sibsagar Girls College ASSAMESE BOOK RACK 01.08.2006 3 891.451 BHA 21678 20.12.2024 22.11.2024 1 27.02.2020 Books V  
        TBASM Central Library and Information Centre Sibsagar Girls College Central Library and Information Centre Sibsagar Girls College ASSAMESE BOOK RACK 01.08.2006 2 891.451 BHA 21679 06.05.2024 29.04.2024 2 27.02.2020 Books V 1
        TBEDU Central Library and Information Centre Sibsagar Girls College Central Library and Information Centre Sibsagar Girls College EDUCATION BOOK RACK 01.08.2006 1 891.451 BHA 21680 26.09.2025 09.09.2025 3 27.02.2020 Books V  


Sibsagar Girl's College © 2020. All rights reserved.
Powered by Koha.
Maintained by Abhijit Borpuzari.